Sayang

Bibliographic Details
Main Author: Gopal Bartham
Format: Book
Language:English
Published: Singapore : Time Books International , 2000
Subjects:

MARC

LEADER 00000cam a2200000 7i4500
001 0000058097
005 20250123.0
008 170508 eng
020 |a 9812042911 
090 0 0 |a F GOP 
100 1 |a Gopal Bartham 
245 0 0 |a Sayang   |c Gopal Bartham 
260 |a Singapore :   |b Time Books International ,   |c 2000 
300 |a 216p. ;   |c 20cm. 
650 0 0 |a Fictions-English 
999 |a 287800   |b Buku   |c Rak Terbuka   |e Perbadanan Perpustakaan Awam Melaka 
999 |a 287801   |b Buku   |c Rak Terbuka   |e Perbadanan Perpustakaan Awam Melaka 
999 |a 287802   |b Buku   |c Rak Terbuka   |e Perpustakaan Cawangan Jasin 
999 |a 287803   |b Buku   |c Rak Terbuka   |e Perbadanan Perpustakaan Awam Melaka